LEADER 01403nam a2200241 i 4500 001 000000178796 003 CaOOAMICUS 005 20090605000000.0 008 090605s1955 it u000 u ita u 013 $a156370 040 $aSeMil$bita 100 1 $aGiovanni Battista.$0(OLS)http://semarc/name/66389 245 10$aVita del beato Marcellino Giuseppe Benedetto Champagnat, sacerdote marista, Fondatore della Congregazione dei Piccoli Fratelli di Maria o Fratelli Maristi delle Scuole /$cScritta da uno dei suoi primi discepoli, Fratello Giovanni Battista. 250 $aPrima edizione italiana. 260 $aCittą del Vaticano :$bTipografia Poliglotta Vaticana,$c1955. 300 $a539 p., [30] p. di tav., [1] c. di tav. ;$c22 cm. 600 14$aChampagnat, Marcellin .$0(OLS)http://semarc/subject/34086 700 1 $aChampagnat, Marcellino Giuseppe Benedetto .$0(OLS)http://semarc/name/66390 850 $aSeMil 852 $aSeMil$W1$xVenegono$y1$m3H III 419$j129566$B129566$CSeMilBibl$Z2$F142377 $81 961 $aOmaggio: Giuliani don Angelo 996 $6245$aVita del beato Marcellino Giuseppe Benedetto Champagnat, sacerdote marista, Fondatore della Congregazione dei Piccoli Fratelli di Maria o Fratelli Maristi delle Scuole$9(OLS)http://semarc/title/256798 996 $6260$aCittą del Vaticano :$bTipografia Poliglotta Vaticana$9(OLS)http://semarc/publisher/30105 LEADER 00788nam a2200193 i 4500 001 000000182909 003 CaOOAMICUS 005 20150805000000.0 008 150805s1795 it u000 u ita u 013 $a160870 026 $aI.me i-la a-o- cone (3) 1795 (R) 040 $aSeMil$bita 245 10$a[Parte 1]. 300 $a[4], 240 p. 500 $aSegn. : pg2 A-P8. 773 0 $aLuvini, Giuseppe Maria $tOmelie diverse recitate dall'illustrissimo e reverendissimo monsignore Giuseppe Maria Luvini di Lugano vescovo di Pesaro dell'ordine de' minori Cappuccini.$dMilano : Presso Gaetano Motta, 1795.$g1$w()32368 850 $aSeMil 852 $aSeMil$W1$xVenegono$y1$m3F III 380 FA$j133613$B133613$CSeMilBibl$Z2$F205269 $8I 996 $6245$a[Parte 1]$9(OLS)http://semarc/title/55724